<?xml version="1.0" encoding="UTF-8"?><?xml-stylesheet type="text/xsl" href="static/style.xsl"?><OAI-PMH xmlns="http://www.openarchives.org/OAI/2.0/" xmlns:xsi="http://www.w3.org/2001/XMLSchema-instance" xsi:schemaLocation="http://www.openarchives.org/OAI/2.0/ http://www.openarchives.org/OAI/2.0/OAI-PMH.xsd"><responseDate>2026-04-17T17:33:57Z</responseDate><request verb="GetRecord" identifier="oai:www.recercat.cat:20.500.12328/1217" metadataPrefix="marc">https://recercat.cat/oai/request</request><GetRecord><record><header><identifier>oai:recercat.cat:20.500.12328/1217</identifier><datestamp>2025-05-16T13:00:49Z</datestamp><setSpec>com_2072_67741</setSpec><setSpec>col_2072_484352</setSpec></header><metadata><record xmlns="http://www.loc.gov/MARC21/slim" xmlns:dcterms="http://purl.org/dc/terms/" xmlns:xsi="http://www.w3.org/2001/XMLSchema-instance" xmlns:doc="http://www.lyncode.com/xoai" xsi:schemaLocation="http://www.loc.gov/MARC21/slim http://www.loc.gov/standards/marcxml/schema/MARC21slim.xsd">
   <leader>00925njm 22002777a 4500</leader>
   <datafield ind2=" " ind1=" " tag="042">
      <subfield code="a">dc</subfield>
   </datafield>
   <datafield ind2=" " ind1=" " tag="720">
      <subfield code="a">Baró Queralt, Xavier</subfield>
      <subfield code="e">author</subfield>
   </datafield>
   <datafield ind2=" " ind1=" " tag="260">
      <subfield code="c">1998</subfield>
   </datafield>
   <datafield ind2=" " ind1=" " tag="520">
      <subfield code="a">Presentem una comunicació que pretén analitzar dues qüestions que creiem que són prou importants per a I'estudi de la histbria de la historiografia catalana de l'època Moderna. Volem aproximar-nos, en primer lloc, a I'estudi de I'obra més rellevant de Francesc de Montcada (1586-1635), l'Expedición de los catalanes y aragoneses contra turcos y griegos (1623) i, en segon terme, a les fonts historiogràfiques bizantines consultades per aquest autor nascut a València en l'elaboració de la seva obra, i que demostren la presència de la cultura grega -en el sentit més ampli del terme- en la Corona d'Aragó del segle XVII. Creiem que de la lectura de I'obra de Montcada se'n desprén una conclusió ben clara: la cultura grega, tot i no ésser la de l'Antiguitat, era coneguda, estudiada i valorada en els ambients cultes de la societat de I'època. Malgrat que en principi pot semblar que ens trobem davant de dues realitats profundament diferents (especialment després de la caiguda de Constantinoble el 1453), és interessant constatar que, en els cercles intel.lectuals de I'època, dels quals Francesc de Montcada n'és un bon exemple, el llegat cultural de 1'hel.lenisme -.ja sigui en la vessant de la Grbcia antiga2, prou evident, o en la del món bizantí, a priori més desconegut i, per tant, més allunyat- era prou conegut entre els homes de cultura de I'època</subfield>
   </datafield>
   <datafield ind1="8" ind2=" " tag="024">
      <subfield code="a">Baró Queralt, Xavier. «La presència del llegat grec en la Catalunya Moderna: Francesc de Montcada i l'Expedición de los catalanes y aragoneses contra turcos y griegos».  Pedralbes: revista d'història moderna, 1998, vol. 18, núm. 1, p. 475-482. Disponible en: &lt;https://www.raco.cat/index.php/Pedralbes/article/view/101493>. Fecha de acceso: 16 sept. 2019</subfield>
   </datafield>
   <datafield ind1="8" ind2=" " tag="024">
      <subfield code="a">0211-9587</subfield>
   </datafield>
   <datafield ind1="8" ind2=" " tag="024">
      <subfield code="a">http://hdl.handle.net/20.500.12328/1217</subfield>
   </datafield>
   <datafield tag="653" ind2=" " ind1=" ">
      <subfield code="a">Montcada, Francesc de, 1586-1635</subfield>
   </datafield>
   <datafield tag="653" ind2=" " ind1=" ">
      <subfield code="a">Montcada, Francisco de, 1586-1635</subfield>
   </datafield>
   <datafield tag="653" ind2=" " ind1=" ">
      <subfield code="a">Història moderna</subfield>
   </datafield>
   <datafield tag="653" ind2=" " ind1=" ">
      <subfield code="a">History, Modern</subfield>
   </datafield>
   <datafield tag="653" ind2=" " ind1=" ">
      <subfield code="a">Historia moderna</subfield>
   </datafield>
   <datafield tag="653" ind2=" " ind1=" ">
      <subfield code="a">Cultura grega</subfield>
   </datafield>
   <datafield tag="653" ind2=" " ind1=" ">
      <subfield code="a">Greece--Civilization</subfield>
   </datafield>
   <datafield tag="653" ind2=" " ind1=" ">
      <subfield code="a">Civilización griega</subfield>
   </datafield>
   <datafield ind2="0" ind1="0" tag="245">
      <subfield code="a">La presència del llegat grec en la Catalunya Moderna: Francesc de Montcada i l'Expedición de los catalanes y aragoneses contra turcos y griegos</subfield>
   </datafield>
</record></metadata></record></GetRecord></OAI-PMH>